000 00504nam a2200181Ia 4500
008 240925s9999 xx 000 0 und d
020 _a9789332546981
082 _a658.076 KHA
100 _aKhattar, Dinesh.
245 4 _aThe Pearson Guide to Quantitative Apptitude for MBA Entrance Examination
250 _aNA
260 _aNew Delhi:
_bPearson Education
_c,2015.
300 _axx, 695p.
_b0
_fOriginal
500 _aIncludes Index
600 _aManagement
650 _aManagement
942 _cBK
999 _c15987
_d15987